[Event "II Maxistral Compostela 2020"]
[Site "Santiago de Compostela"]
[Date "2020.02.18"]
[Round "9.3"]
[White "Portela Peleteiro, Alberto"]
[Black "Gomez Dieguez, David"]
[Result "1/2-1/2"]
[WhiteElo "2369"]
[BlackElo "2296"]
[Annotator "TA"]
[PlyCount "91"]
[EventDate "2020.02.11"]
[EventType "tourn"]
[EventCountry "ESP"]
[SourceTitle "playchess.com"]
[Source "ChessBase"]
[SourceQuality "1"]

{[%evp 14,91,23,18,37,38,59,33,32,42,29,34,35,35,33,0,0,0,0,0,0,0,0,0,0,0,0,0,21,20,31,0,0,0,0,0,0,5,43,-140,-127,-156,-154,-181,-189,-281,-277,-325,-183,-183,-131,-141,-79,-85,-76,-197,-78,-79,-78,-95,-63,-68,0,0,0,0,0,0,0,0,0,0,0,0,0,0,0,0,0,0]} 1. g3 Nf6 2. Bg2 g6 3. f4 Bg7 4. Nf3 d6 5. O-O e5 6. d3 O-O 7. Nc3 Nc6 8. e4 exf4 {A02: Bird's Opening.} 9. Bxf4 Be6 10. Qd2 (10. d4 $5 {[%cal Rd4d5]} d5 11. e5 $11) 10... d5 {White is slightly better.} 11. e5 d4 12. exf6 dxc3 13. bxc3 {[#]} Qxf6 $146 ({Predecessor:} 13... Bxf6 14. Ng5 Bd5 15. Bxd5 Qxd5 16. Ne4 Bg7 17. Rae1 Rae8 18. c4 Qd7 19. c3 Ne5 20. Bxe5 Rxe5 {½-½ (47) Jassim,A-Godena,M (2380) Sharjah 1985}) 14. Rab1 Qxc3 15. Rxb7 Qxd2 16. Nxd2 Nd4 17. Rxc7 Rac8 18. Rxc8 Rxc8 19. c4 Ne2+ 20. Kf2 $1 {[%cal Rf2e2]} Nc3 21. Ne4 Nxa2 22. Rb1 a5 23. Nd6 Rd8 24. c5 {[#] c6 is the strong threat.} Bd4+ 25. Be3 Be5 (25... Nc3 $5 {[%cal Rd4e3]} 26. Rc1 (26. Bxd4 Nxb1 27. Bf6 Rd7 $11) 26... Bf6 $11) 26. Nb7 $2 (26. Rb6 $14) 26... Rxd3 $17 27. Be4 {[#]} Ra3 $1 {Hoping for ...Nc3.} 28. Nd6 Nb4 29. Rd1 (29. Bf3 $142) 29... f5 $19 30. Bb7 Rc3 (30... Rb3 $142 31. c6 Nd3+ 32. Kf1 Bxd6) 31. Nb5 Rb3 (31... Rd3 $19 32. Bf3 Kf7) 32. Bd4 Bxd4+ (32... Bb8 $142 33. Kg1 Kf7 34. Nd6+ Bxd6 35. cxd6 Ke8) 33. Nxd4 $17 Rd3 34. Re1 (34. Ke2 $17 {was the only defense.} Rxd1 35. Kxd1) 34... Bd5 (34... Bf7 $19 {has better winning chances.} 35. Nb5 Rb3) 35. Bxd5+ Nxd5 {[%mdl 4096] Endgame KRN-KRN} 36. Nb5 Nc3 37. Nd6 Ne4+ (37... Rd2+ $15 38. Kf3 Na4) 38. Nxe4 $11 {The position is equal.} fxe4 {KR-KR} 39. Rc1 Kf7 40. c6 {aiming for c7.} Rd8 41. Ke3 Rc8 42. Kxe4 Ke6 43. Rc5 a4 44. Ra5 Rxc6 45. Rxa4 h5 46. h4 {Accuracy: White = 64%, Black = 71%.} 1/2-1/2

[Event "II Maxistral Compostela 2020"]
[Site "Santiago de Compostela"]
[Date "2020.02.18"]
[Round "9.5"]
[White "Petkov, Vladimir"]
[Black "Galego, Luis"]
[Result "1/2-1/2"]
[WhiteElo "2514"]
[BlackElo "2486"]
[Annotator "TA"]
[PlyCount "36"]
[EventDate "2020.02.11"]
[EventType "tourn"]
[EventCountry "ESP"]
[SourceTitle "playchess.com"]
[Source "ChessBase"]
[SourceQuality "1"]

{[%evp 19,21,33,29,26]} 1. d4 Nf6 2. c4 e6 3. Nf3 Bb4+ 4. Bd2 Qe7 5. g3 O-O 6. Bg2 Bxd2+ 7. Qxd2 d6 8. Nc3 e5 9. O-O Re8 10. dxe5 dxe5 11. Nd5 {[#] E11: Bogo-Indian.} {Predecessor:} Qd8 $146 12. Rfd1 c6 13. Nxf6+ Qxf6 14. Qd6 Qxd6 15. Rxd6 f6 16. Nd2 Na6 17. Ne4 Be6 18. b3 Kf7 {1-0 (41) Gurvich,V (2270)-Iljin,A (2509) St Petersburg 2018} 1/2-1/2